000 00776nam a2200205 a 4500
001 15072
003 CO-ViMGA
008 141112s2004 ck r 000 u spa d
020 _a9582406380
040 _aCO-ViMGA
_bspa
_cCO-ViMGA
082 0 4 _a540 653q - II
100 1 _aMondragón Martinez, Cesar Humberto
_921909
245 1 0 _aQuímica Santillana II
260 _aBogotá,
_cSantillana 2001
300 _a288.p.
505 _aQuímica organica - Conceptos - Historia Compuestos organicos Los hidrocarburos Funciones oxigenadas Acidos carboxilicos y funciones nitrogenadas Compuesto de interes bioquimico I, 1 Compuestos de interes bioquimico II, 2 Quimica 11
650 1 4 _aQUIMICA - ENSEÑANZA SECUNDARIA
_921910
650 1 4 _aQUIMICA ORGANICA
_916925
942 _2ddc
_cBK
999 _c25498
_d25498